Molekuly /
Na minha lista:
| Main Authors: | , |
|---|---|
| Formato: | Livro |
| Idioma: | russo |
| Publicado em: |
Moskva :
Nauka,
1982
|
| Edição: | 5.isprav.izd. |
| Assuntos: | |
| Tags: |
Sem tags, seja o primeiro a adicionar uma tag!
|
MARC
| LEADER | 00000nam a22000003a 4500 | ||
|---|---|---|---|
| 001 | stu38522 | ||
| 005 | 20150617225724.5 | ||
| 008 | 921103s1982----xxr-----------------rus-d | ||
| 040 | |a STU |b slo | ||
| 041 | 0 | |a rus | |
| 044 | |a xxr | ||
| 080 | |a 539.19(035) | ||
| 100 | 1 | |a Kitajgorodskij, Aleksandr Isaakovič |4 aut | |
| 245 | 1 | |a Molekuly / |c [aut.]Lev D. Landau, Aleksandr I. Kitajgorodskij | |
| 250 | |a 5.isprav.izd. | ||
| 260 | |a Moskva : |b Nauka, |c 1982 | ||
| 300 | |a 206 s | ||
| 650 | 7 | |a molekuly |2 stusub | |
| 650 | 7 | |a príručky |2 stusub | |
| 700 | 1 | |a Landau, Lev Davidovič |4 aut | |
| 996 | |b E60006 |c E*60006 |l EE05 |s P |a 0 |w stu38522_0001 | ||
| 996 | |b E60007 |c E*60007 |l EE05 |s P |a 0 |w stu38522_0002 | ||
| 996 | |b 284M019412 |c M*1628/2-2 |l MMKN |s A |a 24 |w stu38522_0003 | ||
| 996 | |b E53771 |c E*53771 |l EE05 |s P |a 0 |w stu38522_0004 | ||
| 996 | |b E59040 |c E*59040 |l EE05 |s P |a 0 |w stu38522_0005 | ||